zpět

Detail výsledku týmu

Záložna ST, Pardubice

Datum a čas kvízu

40.5 Celkem bodů Celkový počet nahraných bodů na tomto kvízu bez doplňovacích otázek.
4. Pořadí na kvízu Konečné umístění týmu na tomto kvízu.

Zaznamenané odpovědi

# Otázka Odpověď Body Výsledky
1. Bývalý senátor, europoslanec a... Jaromír Štětina 1
2. Slovensko míří k výrazné polit... Igor Matovič 1
3. Ve středu mělo na Berlínském f... Šarlatán 1
4. Akcionáři jedné mediální spole... CME, PPF 1
5. Pětinásobná grandslamová vítěz... Maria Šarapovová 1
6. Peníze máme v ruce každý den,... Padělání bankovek se trestá podle zákona. 0
7. Které dvě osobnosti mají jméno... D 0
8. Celkem kolikrát je na obou str... čtyřikrát 0
9. Kolik Kč činí nominální hodnot... 200 Kč 1
10. Které z mincí o hodnotě 1 až 5... všechny 0